Language Quiz

Random Language or Letter Quiz

Words Un'LEASH'ed Quiz Stats

 Plays Quiz Updated Oct 29, 2017

Also try: Words Un'CHAIN'ed
Challenge
Share
Tweet
Embed
Score 0/20 Timer 04:00
0 Plays Today
Un'LEASH'ed Word Full Word % Correct
F A _ _ I O N _ B _ _FASHIONABLE
89.7%
_ _ M P _ _ A D _LAMPSHADE
85.2%
W _ _ _ A B _ _WASHABLE
84.4%
_ _ _ S _ E _ LSEASHELL
82.2%
D _ _ _ E R _ _ I PDEALERSHIP
82.1%
_ Y E _ _ _ _ EYELASH
81.7%
_ _ _ _ _ SHALE
81.6%
C _ I _ _ _ N _CHILEANS
79.7%
_ C _ I _ L _ _ACHILLES
77.9%
_ Q U _ _ M I S _ _ YSQUEAMISHLY
72.2%
Un'LEASH'ed Word Full Word % Correct
_ T _ _ _ T I C _ATHLETICS
71.1%
_ _ E _ O U _ _ALEHOUSE
66.6%
S _ _ _ _ _ RSLASHER
65.8%
P _ A _ _ N G _ _PHALANGES
56.7%
_ _ _ L _ _ CSHELLAC
56.4%
_ _ P _ _ _ SHAPLESS
53%
_ _ _ T _ _ RSLATHER
51%
_ _ V I S _ N _ _ SLAVISHNESS
44.6%
_ _ S _ _ _HASSLE
40.7%
_ _ C _ E W _ _ESCHEWAL
36%

You're not logged in!

Compare scores with friends on all Sporcle quizzes.
Join for Free
OR
Log In

You Might Also Like...

Show Comments

Extras

Top Quizzes Today


Score Distribution

Your Account Isn't Verified!

In order to create a playlist on Sporcle, you need to verify the email address you used during registration. Go to your Sporcle Settings to finish the process.

Report this User

Report this user for behavior that violates our Community Guidelines.

Details: